000 00573nam a22001817a 4500
003 OSt
005 20180116183052.0
008 160831b xxu||||| |||| 00| 0 eng d
020 _a9781784156831
040 _c0
082 _a657 ACC 2016
100 _aACCA
245 _aACCA Paper P2 INT/UK Corporate Reporting(CR) :
_bComplete text-valid for september 2016,December 2016,March 2017 and June 2017 Examination sittings
260 _aUK
_bKaplan Financial
_c2016
300 _a794 p.
_bPB
440 _aACCA Paper P2 INT/UK Corporate Reporting(CR) :
942 _2ddc
_cBK
999 _c351678
_d351678